000 00594nam a2200253Ia 4500
003 OSt
005 20221007100527.0
006 a|||||r|||| 00| 0
007 ta
008 221006b |||||||| |||| 00| 0 eng d
024 _a4,545
037 _cTextual
040 _aLCO
_cLCO
_beng
041 _2eng
_aeng
082 _aZ3,4, M1
100 _aBAKER David
_944047
245 0 _aTorts
250 _a3
260 _aLondon
_bSweet & Maxwell
_c1981
300 _a347
650 _aTORT
_9690780
942 _hZ3,4, M1
_cTEXL
999 _c1174108
_d1174108